|
|
|
|
| LEADER |
01649nam a2200397 a 4500 |
| 001 |
EBC3376250 |
| 003 |
MiAaPQ |
| 005 |
20200520144314.0 |
| 006 |
m o d | |
| 007 |
cr cn||||||||| |
| 008 |
920731s1992 dcua sb f001 0 eng |
| 010 |
|
|
|z 92029614
|
| 020 |
|
|
|z 0309046459
|
| 035 |
|
|
|a (MiAaPQ)EBC3376250
|
| 035 |
|
|
|a (Au-PeEL)EBL3376250
|
| 035 |
|
|
|a (CaPaEBR)ebr10055286
|
| 035 |
|
|
|a (OCoLC)923262350
|
| 040 |
|
|
|a MiAaPQ
|c MiAaPQ
|d MiAaPQ
|
| 050 |
|
4 |
|a HF1412
|b .L56 1992
|
| 082 |
0 |
4 |
|a 338.9
|2 20
|
| 245 |
0 |
0 |
|a Linking trade and technology policies
|h [electronic resource] :
|b an international comparison of the policies of industrialized nations /
|c Martha Caldwell Harris and Gordon E. Moore, editors.
|
| 260 |
|
|
|a Washington, D.C. :
|b National Academy Press,
|c 1992.
|
| 300 |
|
|
|a viii, 166 p. :
|b ill.
|
| 490 |
1 |
|
|a Series on prospering in a global economy
|
| 504 |
|
|
|a Includes bibliographical references and index.
|
| 533 |
|
|
|a Electronic reproduction. Ann Arbor, MI : ProQuest, 2015. Available via World Wide Web. Access may be limited to ProQuest affiliated libraries.
|
| 650 |
|
0 |
|a High technology industries
|x Government policy
|z Developed countries.
|
| 650 |
|
0 |
|a Technology and state
|z Developed countries.
|
| 650 |
|
0 |
|a Competition, International.
|
| 651 |
|
0 |
|a Developed countries
|x Commercial policy.
|
| 655 |
|
4 |
|a Electronic books.
|
| 700 |
1 |
|
|a Harris, Martha Caldwell.
|
| 700 |
1 |
|
|a Moore, Gordon E.,
|d 1929-
|
| 710 |
2 |
|
|a ProQuest (Firm)
|
| 830 |
|
0 |
|a Series on prospering in a global economy.
|
| 856 |
4 |
0 |
|u https://ebookcentral.proquest.com/lib/matrademy/detail.action?docID=3376250
|z Click to View
|